=LDR 00000nam 2200000 4500 =001 INLIS000000000050265 =005 20170426011741 =035 ##$$a 0010-0417000080 =007 ta =008 170426###########################0###### =020 ##$$a 978 - 602 - 9212 - 04 - 4 =082 ##$$a 641.3 =084 ##$$a 641.3 MER t =100 #$$a Merson, Sarah =245 1#$$a The Top Eundred Foods For A Younger You /$c Sarah Merson =250 ##$$a Cet.1 =260 ##$$a Solo :$b Tiga Serangkai,$c 2011 =300 ##$$a 128 hlm. : $b Ilus ; $c 17 cm. =650 ##$$a Kesehatan =990 ##$$a 74047404 =990 ##$$a 74047404 =990 ##$$a 31700203 =990 ##$$a 02201707404 =990 ##$$a 31700204 =990 ##$$a 31700203